Statistiques concernant Villes de Yougoslavie

Cliquez ici pour prendre le quiz!

Statistiques générales

  • Ce quiz a été pris 43 fois
  • Le résultat moyen est 15 sur 50

Statistiques - réponses

VillePopulation en 1991République socialiste% Correct
Belgrade1 168 500RS de Serbie
97%
Zagreb777 826RS de Croatie
97%
Ljubljana258 273RS de Slovénie
92%
Sarajevo416 497RS de Bosnie-Herzégovine
92%
Skopje444 760RS de Macédoine
87%
Podgorica117 875RS du Monténégro
76%
Split200 459RS de Croatie
76%
Dubrovnik51 597RS de Croatie
63%
Pristina155 499RS de Serbie**
58%
Novi Sad173 186RS de Serbie*
55%
Mostar75 865RS de Bosnie-Herzégovine
53%
Banja Luka195 692RS de Bosnie-Herzégovine
45%
Zadar80 355RS de Croatie
45%
Niš175 391RS de Serbie
42%
Rijeka165 904RS de Croatie
42%
Maribor91 540RS de Slovénie
39%
Osijek129 792RS de Croatie
34%
Pula62 378RS de Croatie
26%
Prizren92 203RS de Serbie**
21%
Bitola77 464RS de Macédoine
18%
Čačak70 475RS de Serbie
18%
Kragujevac147 305RS de Serbie
18%
Novi Pazar51 749RS de Serbie
18%
Šibenik55 842RS de Croatie
18%
Subotica100 386RS de Serbie*
18%
Tuzla83 770RS de Bosnie-Herzégovine
18%
Karlovac73 426RS de Croatie
16%
Kruševac58 808RS de Serbie
13%
Mitrovicë64 323RS de Serbie**
13%
Šabac54 637RS de Serbie
13%
Uroševac57 919RS de Serbie**
13%
Zenica96 027RS de Bosnie-Herzégovine
13%
Gjakovë59 008RS de Serbie**
11%
Leskovac62 053RS de Serbie
11%
Nikšić56 141RS du Monténégro
11%
Kumanovo52 204RS de Macédoine
8%
Sisak61 413RS de Croatie
8%
Slavonski Brod57 229RS de Croatie
8%
Smederevo63 884RS de Serbie
8%
Tetovo50 344RS de Macédoine
8%
Valjevo59 016RS de Serbie
8%
Vranje51 818RS de Serbie
8%
Zrenjanin81 316RS de Serbie*
8%
Pančevo72 793RS de Serbie*
5%
Peć68 163RS de Serbie**
5%
Prilep66 246RS de Macédoine
5%
Velika Gorica56 884RS de Croatie
5%
Užice53 607RS de Serbie
3%
Gjilan51 912RS de Serbie**
0%
Kraljevac57 926RS de Serbie
0%

Distribution des résultats

Percentile par nombre de réponses

% des personnes avec chaque résultat

Votre développement - résultats

Vous n’avez pas pris ce quiz